Graždanskoje i torgovoje pravo zarubežnych stran učebnoje posobije
Salvato in:
| Altri autori: | , |
|---|---|
| Natura: | Libro |
| Lingua: | russo |
| Pubblicazione: |
Moskva
MCFER
2004
|
| Serie: | Vysšaja škola
|
| Soggetti: | |
| Tags: |
Nessun Tag, puoi essere il primo ad aggiungerne!!
|
MARC
| LEADER | 00000nam$a2200000$$$4500 | ||
|---|---|---|---|
| 001 | 0065213 | ||
| 005 | 20240226134114.4 | ||
| 020 | |a 5-7709-0284-1 | ||
| 041 | 0 | |a rus | |
| 044 | |a RU | ||
| 245 | 1 | 0 | |a Graždanskoje i torgovoje pravo zarubežnych stran |b učebnoje posobije |c redaktori: V.V. Bezbach, V.K. Pučinskij |
| 264 | 1 | |a Moskva |b MCFER |c 2004 | |
| 300 | |a 893 s. | ||
| 490 | 1 | |a Vysšaja škola | |
| 830 | 0 | |a Vysšaja škola | |
| 610 | 2 | 0 | |a právo občianske |
| 610 | 2 | 0 | |a právo obchodné |
| 610 | 2 | 0 | |a spolupráca medzinárodná |
| 610 | 2 | 0 | |a systémy právne |
| 610 | 2 | 0 | |a kodifikácia práva |
| 610 | 2 | 0 | |a kódexy |
| 610 | 2 | 0 | |a zákony |
| 610 | 2 | 0 | |a legislatíva |
| 610 | 2 | 0 | |a reformy |
| 610 | 2 | 0 | |a krajiny vyspelé |
| 610 | 2 | 0 | |a integrácia ekonomická medzinárodná |
| 610 | 2 | 0 | |a vzťahy právne |
| 610 | 2 | 0 | |a podnik obchodný |
| 610 | 2 | 0 | |a konkurencia |
| 610 | 2 | 0 | |a právo autorské |
| 610 | 2 | 0 | |a právo verejné medzinárodné |
| 700 | 1 | |a Bezbach, V.V. | |
| 700 | 1 | |a Pučinskij, V.K. | |